000 02896cam a2200193 4500500
005 20260322001849.0
041 _afre
042 _adc
100 1 0 _aIber, Ophélie
_eauthor
700 1 0 _aZimmermann, Célia
_eauthor
700 1 0 _aBonin-Guillaume, Sylvie
_eauthor
700 1 0 _aBretelle, Fannie
_eauthor
245 0 0 _aHospitalization and outcomes of elderly patients coded as “failure to thrive”: A retrospective study in the Assistance Publique–Hôpitaux de Marseille
260 _c2026.
500 _a86
520 _aBackground Geriatric “failure to thrive” (French “syndrome de glissement”) remains used in practice despite limited nosological validity. Objective To describe care pathways and the clinical, social, and biological profiles of older adults hospitalized for “failure to thrive,” and to identify factors associated with short-term mortality.Method A retrospective, observational, single-center study including 419 patients aged ≥ 75 years admitted between 2019 and 2023 to the Assistance Publique–Hôpitaux de Marseille. Cases were retrieved from the French hospital discharge database using ICD-11 R54. We extracted demographics, comorbidities, geriatric syndromes, medications, and admission laboratories; outcomes were in-hospital death and 30-day post-discharge death. Descriptive statistics and multivariable logistic regression were performed. Results Median age was 86.8 years; patients were markedly frail (mean Clinical Frailty Scale 6.0) with high comorbidity burden (mean Charlson 7.3). Malnutrition affected 48.9%; polypharmacy (≥ 5 drugs) 64%; psychotropic use was common (antidepressants 33.4%, benzodiazepines 31.3%). Mean length of stay was 14 days. Frequent associated diagnoses included infections (57.5%), electrolyte disorders (47%), and cardiovascular diseases (33.9%). Mortality was 22% in-hospital and 36% within 30 days post-discharge. In multivariable analysis, 30-day mortality was independently associated with severe frailty (CFS ≥ 7; adjusted OR 1.89; 95%CI 1.20–2.95), malnutrition (1.72; 1.10–2.68), and CRP > 50 mg/L (1.63; 1.04–2.56), whereas admission to a geriatric unit was protective (0.58; 0.35–0.95).Conclusions Patients coded as “failure to thrive” represent an extremely vulnerable group with a high early mortality rate. The findings support replacing this label with standardized multidimensional geriatric assessment, systematic nutritional management, medication review (including psychotropic deprescribing), and safer care transitions through dedicated geriatric pathways and early post-acute follow-up.
786 0 _nGériatrie et Psychologie Neuropsychiatrie du Vieillissement | 23 | 4 | 2026-02-04 | p. 485-492 | 2115-8789
856 4 1 _uhttps://stm.cairn.info/journal-geriatrie-et-psychologie-neuropsychiatrie-du-vieillissement-2025-4-page-485?lang=en&redirect-ssocas=7080
999 _c1718542
_d1718542